Statistics for NFL Qbs 2002

Click here to take the quiz!

General Stats

  • This quiz has been taken 61 times
  • The average score is 16 of 32

Answer Stats

HintAnswer% Correct
ColtsPeyton Manning
94%
PatriotsTom Brady
94%
PackersBrett Favre
90%
ChargersDrew Brees
79%
EaglesDonovan McNabb
73%
FalconsMichael Vick
73%
TitansSteve McNair
73%
BuccaneersBrad Johnson
65%
VikingsDaunte Culpepper
62%
TexansDavid Carr
62%
RaidersRich Gannon
62%
JaguarsMark Brunell
60%
BillsDrew Bledsoe
58%
GiantsKerry Collins
56%
49ersJeff Garcia
52%
JetsChad Pennington
50%
SeahawksMatt Hasselbeck
50%
BengalsJon Kitna
48%
SaintsAaron Brooks
46%
CardinalsJake Plummer
44%
ChiefsTrent Green
44%
RamsMarc Bulger
42%
BrownsTim Couch
40%
SteelersTommy Maddox
37%
BroncosBrian Griese
27%
LionsJoey Harrington
27%
DolphinsJay Fiedler
21%
BearsJim Miller
21%
CowboysChad Hutchinson
17%
RavensJeff Blake
10%
PanthersRodney Peete
10%
RedskinsShane Matthews
8%

Score Distribution

Percentile by Number Answered

Percent of People with Each Score

Your Score History

You have not taken this quiz